| 000 | 01815nam a2200529 i 4500 | ||
|---|---|---|---|
| 001 | 28142 | ||
| 003 | KOSZ 005 | ||
| 005 | 20240405063043.0 | ||
| 008 | 981118s1985 pl a f f |000 0 pol | ||
| 015 | _aUWD 1985/7336 | ||
| 020 | _a830104878X | ||
| 035 | _a991008310399705066 | ||
| 035 | _a(PL-WaBN)b12143790-48omnis_nlop | ||
| 035 | _ab12143790 | ||
| 035 | _a(OCoLC)830182942 | ||
| 035 | _a(PL)b0000001214379 | ||
| 035 | _a(EXLNZ-48OMNIS_NETWORK)9910379213805606 | ||
| 040 |
_aWA N _cWA N _dKOSZ 005/HR |
||
| 041 | 0 | _apol | |
| 046 | _k1985 | ||
| 080 | _a72.03"18/19" | ||
| 080 | _a(075.8) | ||
| 100 | 1 |
_aLatour, Stanisław _d(1927-2007) _eAutor |
|
| 245 | 1 | 0 |
_aRozwój współczesnej myśli architektonicznej : _b[skrypt przeznaczony dla studentów architektury] / _cStanisław Latour, Adam Szymski. |
| 260 |
_aWarszawa : _bPaństwowe Wydawnictwo Naukowe, _c1985. |
||
| 300 |
_a601, [2] s. : _bfot.,pl., portr., rys., err. ; _c24 cm. |
||
| 336 |
_aTekst _btxt _2rdacontent |
||
| 337 |
_aBez urządzenia pośredniczącego _bn _2rdamedia |
||
| 338 |
_aWolumin _bnc _2rdacarrier |
||
| 380 | _aKsiążki | ||
| 380 | _aPublikacje dydaktyczne | ||
| 385 |
_mPoziom nauczania _aSzkoły wyższe |
||
| 388 | _a1901-2000 | ||
| 388 | _a1945-1989 | ||
| 504 | _aBibliogr. s. 587-590. | ||
| 648 | 7 |
_a1801-1900 _2DBN |
|
| 648 | 7 |
_a1901-2000 _2DBN |
|
| 650 | 7 |
_aTeoria architektury _2DBN |
|
| 655 | 7 |
_aPodręczniki akademickie _2DBN |
|
| 658 | _aArchitektura i budownictwo | ||
| 658 | _aHistoria | ||
| 700 | 1 |
_aSzymski, Adam _d(1944- ) _eAutor |
|
| 710 | 2 | _aPaństwowe Wydawnictwo Naukowe | |
| 856 |
_uhttp://koha.tu.koszalin.pl/cgi-bin/koha/opac-detail.pl?biblionumber=28142 _yKatalog online BPK |
||
| 942 |
_2UKD _cKS |
||
| 999 |
_c28142 _d28142 |
||